[Event "Under The Counter"]
[Site "SchemingMind.com"]
[Date "2024.11.08"]
[Round "-"]
[White "cnile"]
[Black "Bacon"]
[Result "1-0"]
[WhiteCountry "SCO"]
[BlackCountry "BER"]
[WhiteElo "1336"]
[WhiteRD "59"]
[BlackElo "961"]
[BlackRD "110"]
[GameID "748772"]

1. e4 d5 2. exd5 Qxd5 3. Nc3 Qe5+ 4. Qe2 Nc6 5. Qxe5 Nxe5 6. d4 Ng4 7. Nf3 Bf5 8. Bc4 N8h6 9. Bf4 O-O-O 10. Bg3 Bxc2
11. O-O f5 12. Be6+ Kb8 13. Nb5 Bd3 14. Rfe1 Bxb5 15. d5 Bc4 16. Rac1 Bxd5 17. Bxc7+ Ka8 18. Bxd8 b6 19. Bxd5+ Kb8 20. Bc7+ Kc8
21. Bxb6+ Kd7 22. Be6+ Kd6 23. Bc7#
1-0

[Event "Under The Counter"]
[Site "SchemingMind.com"]
[Date "2024.11.09"]
[Round "-"]
[White "Bacon"]
[Black "cnile"]
[Result "0-1"]
[WhiteCountry "BER"]
[BlackCountry "SCO"]
[WhiteElo "961"]
[WhiteRD "110"]
[BlackElo "1336"]
[BlackRD "59"]
[GameID "748773"]

1. e4 d5 2. Nc3 e6 3. e5 Ne7 4. Bb5+ c6 5. Ba4 Nd7 6. Nf3 Ng6 7. Qe2 Qc7 8. d4 Be7 9. O-O b5 10. Bb3 a5
11. h3 a4 12. Bg5 axb3 13. axb3 Nb6 14. h4 h6 15. Bf4 Nxf4 16. Qe3 Bb7 17. Qxf4 O-O 18. Rab1 f6 19. g3 fxe5 20. Qe3 e4
21. Ne5 Bc8 22. Ng6 Re8 23. f3 Qxg3+ 24. Kh1 Qxg6 25. fxe4 Bxh4 26. Rf4 e5 27. Rxh4 Bd7 28. Rg1 Qd6 29. Rxh6 Qf8 30. Rgg6 Ra1+
31. Kg2 Qf1+ 32. Kg3 exd4 33. Qxd4 Qe1+ 34. Kf4 Qf1+ 35. Kg5 Qg2+ 36. Kh5 Rh1#
0-1

[Event "Under The Counter"]
[Site "SchemingMind.com"]
[Date "2024.11.08"]
[Round "-"]
[White "cnile"]
[Black "agoodhobby"]
[Result "0-1"]
[WhiteCountry "SCO"]
[BlackCountry "USA"]
[WhiteElo "1275"]
[WhiteRD "60"]
[BlackElo "1528"]
[BlackRD "69"]
[GameID "748774"]

1. e4 d5 2. exd5 Qxd5 3. Nc3 Qa5 4. Nf3 Nf6 5. d4 Nc6 6. Bc4 e5 7. O-O Bg4 8. Re1 Bxf3 9. Qxf3 Bd6 10. Be3 O-O
11. dxe5 Bxe5 12. Bg5 Bxc3 13. bxc3 Qxg5 14. Bd3 Nd7 15. Qh3 Nf6 16. Qf3 a6 17. Rad1 Rad8
0-1

[Event "Under The Counter"]
[Site "SchemingMind.com"]
[Date "2024.11.09"]
[Round "-"]
[White "agoodhobby"]
[Black "cnile"]
[Result "1-0"]
[WhiteCountry "USA"]
[BlackCountry "SCO"]
[WhiteElo "1538"]
[WhiteRD "70"]
[BlackElo "1275"]
[BlackRD "59"]
[GameID "748775"]

1. e4 d5 2. exd5 Nf6 3. d4 Nxd5 4. Nf3 e6 5. c4 Nf6 6. Nc3 Bb4 7. Bd3 O-O 8. O-O Re8 9. Bg5 Nbd7 10. Qc2 b6
11. a3 Bxc3 12. Qxc3 Bb7 13. Bc2 h6 14. Bxf6 Nxf6 15. b4 Rc8 16. Rfe1 Qe7 17. c5 Bd5 18. Bb3 Red8 19. Ne5 Bxb3 20. Qxb3 c6
21. b5 cxb5 22. Qxb5 Rxd4 23. Nc6 Rd5 24. Nxe7+
1-0

[Event "Under The Counter"]
[Site "SchemingMind.com"]
[Date "2024.11.08"]
[Round "-"]
[White "cnile"]
[Black "maro"]
[Result "0-1"]
[WhiteCountry "SCO"]
[BlackCountry "MEX"]
[WhiteElo "1275"]
[WhiteRD "59"]
[BlackElo "1356"]
[BlackRD "65"]
[GameID "748776"]

1. e4 d5 2. exd5 Qxd5 3. Nc3 Qe5+ 4. Be2 Bg4 5. d4 Qe6 6. Nb5 Na6 7. Nf3 Bxf3 8. Be3 Bxg2 9. Rg1 Be4 10. Bg4 f5
11. Be2 Nf6 12. Qd2 O-O-O 13. Nxa7+ Kb8 14. c3 Kxa7 15. d5+ Ka8 16. O-O-O Rxd5 17. Qc2 Bxc2
0-1

[Event "Under The Counter"]
[Site "SchemingMind.com"]
[Date "2024.11.09"]
[Round "-"]
[White "maro"]
[Black "cnile"]
[Result "1-0"]
[WhiteCountry "MEX"]
[BlackCountry "SCO"]
[WhiteElo "1402"]
[WhiteRD "68"]
[BlackElo "1275"]
[BlackRD "60"]
[GameID "748777"]

1. e4 d5 2. d4 e6 3. e5 c5 4. dxc5 Bxc5 5. Nf3 Nc6 6. Bb5 Qa5+ 7. Bd2 Qxb5 8. Nc3 Qxb2 9. Rb1 Qa3 10. Nb5 Qa6
11. Nc7+
1-0

[Event "Under The Counter"]
[Site "SchemingMind.com"]
[Date "2024.11.08"]
[Round "-"]
[White "cnile"]
[Black "Chessibelle"]
[Result "1-0"]
[WhiteCountry "SCO"]
[BlackCountry "ENG"]
[WhiteElo "1275"]
[WhiteRD "59"]
[BlackElo "959"]
[BlackRD "56"]
[GameID "748778"]

1. e4 d5 2. exd5 Qxd5 3. Nf3 g6 4. d4 b6 5. c4 Qd8 6. Nc3 Nd7 7. Be3 e6 8. Bd3 f5 9. O-O c5 10. a4 a5
11. dxc5 bxc5 12. Re1 Ngf6 13. Bf4 Ng4 14. Rxe6+ Kf7 15. Ng5+ Kg7 16. Nd5 Ba6 17. Re7+ Bxe7 18. Ne6+ Kg8 19. Nxd8
1-0

[Event "Under The Counter"]
[Site "SchemingMind.com"]
[Date "2024.11.09"]
[Round "-"]
[White "Chessibelle"]
[Black "cnile"]
[Result "0-1"]
[WhiteCountry "ENG"]
[BlackCountry "SCO"]
[WhiteElo "959"]
[WhiteRD "56"]
[BlackElo "1275"]
[BlackRD "59"]
[GameID "748779"]

1. e4 d5 2. Nc3 c6 3. b3 dxe4 4. Nxe4 Bf5 5. Bd3 Nd7 6. g3 e5 7. Bb2 Be6 8. Ne2 Ngf6 9. c4 Nc5 10. Bc2 Ncxe4
11. Bxe5 Nd6 12. O-O Be7 13. Nf4 Bf5 14. d3 Rc8 15. a4 O-O 16. f3 Nde8 17. g4 Bd7 18. Qe2 Qb6+ 19. Kg2 Bd6 20. Rfd1 Bc5
21. d4 Bxd4 22. Bxd4 Qc7 23. Be5 Qb6 24. Bd4 Qc7 25. h3 Qxf4 26. Bc5 Nc7 27. Be3 Qe5 28. f4 Qe7 29. Qd3 Rfd8 30. g5 Bxh3+
31. Kxh3 Rxd3 32. Bxd3 Qxe3+ 33. Kh4 Qxf4+ 34. Kh3 Qf3+ 35. Kh2 Ng4+ 36. Kg1 Qf2+ 37. Kh1 Qh2#
0-1

[Event "Under The Counter"]
[Site "SchemingMind.com"]
[Date "2024.11.08"]
[Round "-"]
[White "cnile"]
[Black "Henk Miedema"]
[Result "1-0"]
[WhiteCountry "SCO"]
[BlackCountry "NED"]
[WhiteElo "1275"]
[WhiteRD "59"]
[BlackElo "775"]
[BlackRD "81"]
[GameID "748780"]

1. e4 d5 2. exd5 Qxd5 3. Nf3 Qe4+ 4. Be2 Bg4 5. Nc3 Qf5 6. O-O e6 7. d4 Qg6 8. h3 Bxh3 9. Ne1 Qh6 10. Bxh6 Bxg2
11. Kxg2 Nxh6 12. Nd3 Bb4 13. Ne4 Be7 14. c4 Nc6 15. Nf4 O-O 16. Rc1 Nf5 17. d5 Nh4+ 18. Kh1 Nf5 19. dxc6 Bh4 20. cxb7 Rab8
21. Qb3 Nd4 22. Qh3 Be7 23. Rg1 Nf5 24. Nh5 Nd4 25. Rxg7+ Kh8 26. Nhf6 Kxg7 27. Qxh7#
1-0

[Event "Under The Counter"]
[Site "SchemingMind.com"]
[Date "2024.11.09"]
[Round "-"]
[White "Henk Miedema"]
[Black "cnile"]
[Result "1-0"]
[WhiteCountry "NED"]
[BlackCountry "SCO"]
[WhiteElo "775"]
[WhiteRD "81"]
[BlackElo "1275"]
[BlackRD "59"]
[GameID "748781"]

1. e4 d5 2. d3 e6 3. Nc3 Bb4 4. Bd2 d4 5. Be2 dxc3 6. bxc3 Be7 7. d4 Nf6 8. Bb5+ c6 9. Bd3 Nbd7 10. Nf3 Nb6
11. Qe2 Qc7 12. O-O O-O 13. Be3 Nbd7 14. Qd2 Nb6 15. e5 Nfd5 16. c4 Nxe3 17. Qxe3 h6 18. Qe4 Na4 19. Qh7#
1-0

[Event "Under The Counter"]
[Site "SchemingMind.com"]
[Date "2024.11.08"]
[Round "-"]
[White "cnile"]
[Black "Alencar"]
[Result "1-0"]
[WhiteCountry "SCO"]
[BlackCountry "BRA"]
[WhiteElo "1336"]
[WhiteRD "59"]
[BlackElo "1308"]
[BlackRD "83"]
[GameID "748782"]

1. e4 d5 2. exd5 Nf6 3. c4 c5 4. Nc3 e6 5. Nf3 exd5 6. cxd5 Nxd5 7. d4 cxd4 8. Qa4+ Nc6 9. Bd3 Nxc3 10. bxc3 dxc3
11. O-O Qxd3 12. Re1+ Be7 13. Ba3 O-O 14. Bxe7 Nxe7 15. Rxe7 f6 16. Qb3+ Kh8 17. h3 h6 18. Rd1 c2 19. Qxd3
1-0

[Event "Under The Counter"]
[Site "SchemingMind.com"]
[Date "2024.11.09"]
[Round "-"]
[White "Alencar"]
[Black "cnile"]
[Result "0-1"]
[WhiteCountry "BRA"]
[BlackCountry "SCO"]
[WhiteElo "1235"]
[WhiteRD "103"]
[BlackElo "1275"]
[BlackRD "59"]
[GameID "748783"]

1. e4 d5 2. exd5 Qxd5 3. Nc3 Qa5 4. Bb5+ c6 5. Bd3 Nf6 6. Be2 e5 7. b3 Be6 8. Bc4 Nbd7 9. Bxe6 fxe6 10. d4 Qxc3+
11. Bd2 Qxd4 12. Be3 Bb4+ 13. Kf1 Qh4 14. Nf3 Qe4 15. Nd2 O-O-O 16. Nxe4 Nc5 17. Bd2 Ncxe4 18. Qf3 Nxd2+
0-1

[Event "Under The Counter"]
[Site "SchemingMind.com"]
[Date "2024.11.08"]
[Round "-"]
[White "Bacon"]
[Black "agoodhobby"]
[Result "0-1"]
[WhiteCountry "BER"]
[BlackCountry "USA"]
[WhiteElo "981"]
[WhiteRD "128"]
[BlackElo "1538"]
[BlackRD "70"]
[GameID "748784"]

1. e4 d5 2. Nc3 Nf6 3. e5 Ne4 4. Nxe4 dxe4 5. Qe2 Bf5 6. Qe3 Nc6 7. f4 e6 8. Bc4 Bb4 9. c3 Ba5 10. b4 Bb6
11. Qg3 O-O 12. b5 Na5 13. Bb3 Nxb3 14. Rb1 Nxc1 15. Rxc1 e3 16. dxe3 Qd3 17. e4 Qxe4+ 18. Ne2 Rad8 19. Rd1 Rxd1+ 20. Kxd1 Qc2+
21. Ke1 Qb1+ 22. Kd2 Rd8+ 23. Nd4 Bxd4 24. Rxb1 Bf2+ 25. Ke2 Bxg3 26. hxg3 Bxb1 27. a4 b6 28. g4 Bc2 29. Kf2 Bxa4 30. Kg3 Bxb5
31. g5 a5 32. Kf3 a4 33. Kg4 a3 34. g3 a2 35. Kh4 a1=Q 36. Kg4 Qd1+ 37. Kh4 g6 38. Kh3 Rd2 39. Kh4 Rh2#
0-1

[Event "Under The Counter"]
[Site "SchemingMind.com"]
[Date "2024.11.13"]
[Round "-"]
[White "agoodhobby"]
[Black "Bacon"]
[Result "1-0"]
[WhiteCountry "USA"]
[BlackCountry "BER"]
[WhiteElo "1538"]
[WhiteRD "70"]
[BlackElo "981"]
[BlackRD "128"]
[GameID "748785"]

1. e4 d5 2. exd5 Qxd5 3. Nc3 Qe5+ 4. Be2 Nf6 5. Nf3 Qd6 6. d4 Nc6 7. O-O Bf5 8. Bg5 h6 9. Bh4 g5 10. Bg3 Qb4
11. Rb1 O-O-O 12. a3 Qd6 13. Bxd6 Rxd6 14. Bb5 a6 15. Bxc6 Rxc6 16. Ne5 Rd6 17. Nxf7 Rh7 18. Nxd6+ exd6 19. h3 d5 20. g4 Be6
21. Qe2 Re7 22. f4 gxf4 23. Rxf4 Bg7 24. Rbf1 Bd7 25. Qxe7 Ne8 26. Nxd5 c6 27. Nb6+ Kc7 28. Qxd7+ Kxb6 29. Rf7 Nf6 30. Qxb7+ Ka5
31. Qb4#
1-0

[Event "Under The Counter"]
[Site "SchemingMind.com"]
[Date "2024.11.13"]
[Round "-"]
[White "Bacon"]
[Black "maro"]
[Result "0-1"]
[WhiteCountry "BER"]
[BlackCountry "MEX"]
[WhiteElo "1031"]
[WhiteRD "147"]
[BlackElo "1402"]
[BlackRD "68"]
[GameID "748786"]

1. e4 d5 2. e5 Nc6 3. Nf3 Bf5 4. Bd3 Bxd3 5. cxd3 e6 6. d4 Bb4 7. a3 Ba5 8. b4 Bb6 9. O-O Nxd4 10. Qa4+ c6
11. Nc3 Nxf3+ 12. gxf3 Qg5+ 13. Kh1 Qxe5 14. Ne2 Bc7 15. Nc3 Qxh2#
0-1

[Event "Under The Counter"]
[Site "SchemingMind.com"]
[Date "2024.11.13"]
[Round "-"]
[White "maro"]
[Black "Bacon"]
[Result "1-0"]
[WhiteCountry "MEX"]
[BlackCountry "BER"]
[WhiteElo "1356"]
[WhiteRD "65"]
[BlackElo "981"]
[BlackRD "128"]
[GameID "748787"]

1. e4 d5 2. e5 Nc6 3. d4 e6 4. Nc3 Nh6 5. Bxh6 gxh6 6. Bb5 a6 7. Bxc6+ bxc6 8. Qh5 Qg5 9. Qf3 Qf5 10. Qe2 Bb7
11. Nf3 O-O-O 12. a3 Be7 13. h3 Rhg8 14. g4 Qg6 15. Na4 f6 16. exf6 Bxf6 17. Qxe6+ Kb8 18. O-O Rd6 19. Qe3 Re8 20. Qb3 Re4
21. Nc5 Bxd4 22. Qxb7#
1-0

[Event "Under The Counter"]
[Site "SchemingMind.com"]
[Date "2024.11.13"]
[Round "-"]
[White "Bacon"]
[Black "Chessibelle"]
[Result "1-0"]
[WhiteCountry "BER"]
[BlackCountry "ENG"]
[WhiteElo "961"]
[WhiteRD "110"]
[BlackElo "915"]
[BlackRD "58"]
[GameID "748788"]

1. e4 d5 2. e5 e6 3. Nf3 g6 4. d4 Be7 5. Bb5+ c6 6. Ba4 a6 7. O-O b5 8. Bb3 Nh6 9. Bxh6 Rg8 10. h3 Nd7
11. Ng5 Bb7 12. Nxh7 Qb6 13. c3 O-O-O 14. Ng5 c5 15. Nxf7 Rde8 16. Qg4 Bf8 17. Be3 Rg7 18. Nh8 c4 19. Bc2 b4 20. a3 a5
21. Ba4 Ree7 22. Bg5 Re8 23. Nd2 Rg8 24. Nf7 Kb8 25. Bxd7 Bc6 26. Bxe8 Bxe8 27. Nh6 Rg7 28. Bf6 Rh7 29. Ng8 Bf7 30. Ne7 bxc3
31. bxc3 Kc7 32. Nxg6 Bg7 33. Nh4 Bh6 34. Ng6 Bxd2 35. Nf8 Rh6 36. Qg7 Kc6 37. f4 Bxc3 38. Qxh6 Bxd4+ 39. Kh1 Qb5 40. a4 Qc5
41. Qg7 Bh5 42. Qd7+ Kb6 43. Bd8+ Ka6 44. Nxe6 Qb4 45. Qc6+
1-0

[Event "Under The Counter"]
[Site "SchemingMind.com"]
[Date "2024.11.13"]
[Round "-"]
[White "Chessibelle"]
[Black "Bacon"]
[Result "1-0"]
[WhiteCountry "ENG"]
[BlackCountry "BER"]
[WhiteElo "959"]
[WhiteRD "56"]
[BlackElo "981"]
[BlackRD "128"]
[GameID "748789"]

1. e4 d5 2. Nc3 d4 3. Nb5 Nc6 4. d3 a6 5. Na3 b5 6. Bd2 Ne5 7. b4 Bg4 8. f3 Bh5 9. g4 Bg6 10. Bf4 Nd7
11. Nh3 e5 12. Bd2 a5 13. Qb1 c5 14. Nxb5 Qb6 15. Na3 axb4 16. Nc4 Qb5 17. Bg2 Rb8 18. Qd1 Ne7 19. Nd6+ Kd8 20. Nxb5 Rxb5
21. a3 bxa3 22. Rxa3 Nc6 23. O-O h5 24. Bc1 Rb1 25. Qd2 Nb4 26. Ra8+ Kc7 27. f4 Nb6 28. c3 Nxa8 29. Qd1 hxg4 30. Qxg4 Nxd3
31. fxe5 Nxc1 32. e6 dxc3 33. Qf4+ Kd8 34. Rd1+ Ke7 35. Qd6+ Kf6 36. Rf1+ Bf5 37. Rxf5+ Kg6 38. Qg3+ Kh7 39. Qh4+ Kg8 40. exf7#
1-0

[Event "Under The Counter"]
[Site "SchemingMind.com"]
[Date "2024.11.13"]
[Round "-"]
[White "Bacon"]
[Black "Henk Miedema"]
[Result "1-0"]
[WhiteCountry "BER"]
[BlackCountry "NED"]
[WhiteElo "981"]
[WhiteRD "128"]
[BlackElo "775"]
[BlackRD "81"]
[GameID "748790"]

1. e4 d5 2. e5 Nc6 3. Bb5 Bd7 4. Qf3 Nb4 5. Qc3 e6 6. a3 Nc6 7. Nf3 Be7 8. d4 Nb8 9. a4 Bxb5 10. axb5 Qd7
11. Qa5 b6 12. Qc3 a5 13. O-O Bb4 14. Qb3 Ne7 15. Bg5 Qxb5 16. h3 O-O 17. Bxe7 Re8 18. Bxb4 Qd7 19. Ba3 b5 20. Bc5 c6
21. Nbd2 Qb7 22. Qd3 a4 23. Ng5 Rf8 24. Qxh7#
1-0

[Event "Under The Counter"]
[Site "SchemingMind.com"]
[Date "2024.11.13"]
[Round "-"]
[White "Henk Miedema"]
[Black "Bacon"]
[Result "0-1"]
[WhiteCountry "NED"]
[BlackCountry "BER"]
[WhiteElo "761"]
[WhiteRD "90"]
[BlackElo "969"]
[BlackRD "109"]
[GameID "748791"]

1. e4 d5 2. d3 d4 3. Nf3 Nc6 4. Be2 e5 5. Bg5 f6 6. Bd2 g5 7. a4 b6 8. b4 a6 9. O-O a5 10. Na3 axb4
11. Nc4 Bg4 12. Ne1 Bd7 13. Bh5+ Ke7 14. c3 bxc3 15. Bc1 Na5 16. Bxg5 fxg5 17. Nxe5 Nc6 18. Qb3 Be6 19. Nf7 Bxb3 20. Nxh8 Bxa4
21. Nf7 Qd7 22. Nxg5 Nf6 23. Bf3 Bh6 24. Be2 Bxg5 25. Nf3 Bf4 26. Ne1 c2 27. Nxc2 Ra5 28. Na3 Nb4 29. Nc4 Ra6 30. Rab1 Nc2
31. f3 Be3+ 32. Kh1 b5 33. Ne5 Qe6 34. f4 c5 35. Rb2 Qc8 36. Rbb1 h5 37. Ng6+ Kf7 38. Nh4 b4 39. f5 b3 40. e5 Ng4
41. e6+ Kf6 42. Ra1 Nxa1 43. Rxa1 Nf2+ 44. Kg1 Nxd3+ 45. Kh1 b2 46. Bxd3 bxa1=Q+ 47. Bb1 Qxb1#
0-1

[Event "Under The Counter"]
[Site "SchemingMind.com"]
[Date "2024.11.13"]
[Round "-"]
[White "Bacon"]
[Black "Alencar"]
[Result "0-1"]
[WhiteCountry "BER"]
[BlackCountry "BRA"]
[WhiteElo "961"]
[WhiteRD "110"]
[BlackElo "1308"]
[BlackRD "83"]
[GameID "748792"]

1. e4 d5 2. e5 Nc6 3. Nf3 f6 4. Qe2 Nxe5 5. Nxe5 fxe5 6. Qxe5 Qd6 7. d4 Qxe5+ 8. dxe5 d4 9. Bf4 e6 10. Bc4 Bb4+
11. c3 dxc3 12. bxc3 Bc5 13. Nd2 Bd7 14. O-O O-O-O 15. Ne4 b6 16. a4 Ne7 17. a5 Ng6 18. Bg5 Be7 19. Ba6+ Kb8 20. Rab1 Bxg5
21. Nxg5 Be8 22. Bb5 Nxe5 23. Nxe6 Rd6 24. Nxg7 Bxb5 25. Rxb5 Nd7 26. Nf5 Rc6 27. Ne7 Rxc3 28. a6 Nc5 29. Nc6+ Kc8 30. Nxa7+ Kb8
31. Nc6+ Kc8 32. a7 Ra3 33. Re1 Kb7 34. Re3 Ra1+ 35. Re1 Rxe1#
0-1

[Event "Under The Counter"]
[Site "SchemingMind.com"]
[Date "2024.11.13"]
[Round "-"]
[White "Alencar"]
[Black "Bacon"]
[Result "1-0"]
[WhiteCountry "BRA"]
[BlackCountry "BER"]
[WhiteElo "1322"]
[WhiteRD "72"]
[BlackElo "969"]
[BlackRD "109"]
[GameID "748793"]

1. e4 d5 2. exd5 Qxd5 3. Qf3 Qe6+ 4. Qe3 Qxe3+ 5. fxe3 e6 6. d4 Nc6 7. Bb5 Bd7 8. Nc3 a6 9. Bc4 b5 10. Bd3 Bb4
11. a3 a5 12. axb4 Nxb4 13. Bd2 Bc6 14. O-O-O Bxg2 15. Be4 c6 16. Bxg2 a4 17. b3 a3 18. Na2 Nxa2+ 19. Kb1 Nf6 20. Bxc6+ Ke7
21. Bxa8 Rxa8 22. Kxa2 Ne4 23. Nf3 Nf2 24. Rhf1 Nxd1 25. Rxd1 f5 26. Bb4+ Kf6 27. Bxa3 b4 28. Nd2 bxa3 29. c4 g5 30. e4 f4
31. d5 g4 32. d6 Ke5 33. c5 f3 34. Nxf3+ gxf3 35. d7 Rd8 36. Kxa3 Kxe4 37. c6 Ke3 38. c7 Ke2 39. cxd8=Q Kxd1 40. Qh4 Kc2
41. Qf2+ Kc3 42. d8=Q e5 43. Qc8+ Kd3 44. Qc4#
1-0

[Event "Under The Counter"]
[Site "SchemingMind.com"]
[Date "2024.11.08"]
[Round "-"]
[White "agoodhobby"]
[Black "maro"]
[Result "1-0"]
[WhiteCountry "USA"]
[BlackCountry "MEX"]
[WhiteElo "1528"]
[WhiteRD "69"]
[BlackElo "1402"]
[BlackRD "68"]
[GameID "748794"]

1. e4 d5 2. exd5 Qxd5 3. Nc3 Qe5+ 4. Be2 Nf6 5. Nf3 Qc5 6. d4 Qb4 7. O-O Bf5 8. a3 Qb6 9. d5 e6 10. dxe6 Bxe6
11. b4 a6 12. Bg5 Be7 13. Bxf6 Bxf6 14. Qd3 Nc6 15. Na4 Qa7 16. c4 Bxa1 17. Rxa1 O-O 18. Ng5 g6 19. Nc5 Rad8 20. Qc3 Nd4
21. Re1 b6 22. Ncxe6 Nxe2+ 23. Rxe2 fxe6 24. Nxe6 Rd1+ 25. Re1 Rxe1+ 26. Qxe1 Re8 27. h3 Qa8 28. Qe5 Re7 29. Qf6 Rf7 30. Qd4 Qe8
31. Ng5 Rd7 32. Qc3 Rd1+ 33. Kh2 c5 34. bxc5 Qb8+ 35. g3 Qf8 36. Qc2 Rf1 37. Kg2 Re1 38. cxb6 Qa8+ 39. Nf3 Ra1 40. c5 Qc6
41. Qc4+ Kf8 42. Qxa6 Rc1 43. b7 Rb1 44. Qxc6
1-0

[Event "Under The Counter"]
[Site "SchemingMind.com"]
[Date "2024.11.08"]
[Round "-"]
[White "maro"]
[Black "agoodhobby"]
[Result "0-1"]
[WhiteCountry "MEX"]
[BlackCountry "USA"]
[WhiteElo "1402"]
[WhiteRD "68"]
[BlackElo "1528"]
[BlackRD "69"]
[GameID "748795"]

1. e4 d5 2. e5 c5 3. d4 e6 4. b3 cxd4 5. Bb2 Bc5 6. Bxd4 Qb6 7. Bxc5 Qxc5 8. Nf3 Nc6 9. Bd3 Nge7 10. O-O O-O
11. Ng5 h6 12. Qh5 Nxe5 13. Nd2 Nxd3 14. cxd3 f6 15. Rac1 Qb4 16. Ngf3 e5 17. Rc7 Bg4 18. Qh4 Nf5 19. Rfc1 Nxh4 20. Nxh4 Qxd2
0-1

[Event "Under The Counter"]
[Site "SchemingMind.com"]
[Date "2024.11.08"]
[Round "-"]
[White "agoodhobby"]
[Black "Chessibelle"]
[Result "1-0"]
[WhiteCountry "USA"]
[BlackCountry "ENG"]
[WhiteElo "1528"]
[WhiteRD "69"]
[BlackElo "1026"]
[BlackRD "58"]
[GameID "748796"]

1. e4 d5 2. exd5 Qxd5 3. Nc3 Qe5+ 4. Be2 b6 5. Nf3 Qd6 6. d4 f6 7. O-O e6 8. Re1 Ne7 9. Nb5 Qd8 10. Bf4 Nd5
11. Qd2 h6 12. Bc4 Bb7 13. Bxd5 Qxd5 14. Nxc7+
1-0

[Event "Under The Counter"]
[Site "SchemingMind.com"]
[Date "2024.11.09"]
[Round "-"]
[White "Chessibelle"]
[Black "agoodhobby"]
[Result "0-1"]
[WhiteCountry "ENG"]
[BlackCountry "USA"]
[WhiteElo "1026"]
[WhiteRD "58"]
[BlackElo "1528"]
[BlackRD "69"]
[GameID "748797"]

1. e4 d5 2. Nc3 Nf6 3. Qf3 c6 4. d4 Bg4 5. Qd3 g6 6. h3 Bh5 7. f3 Qc7 8. Nge2 Nxe4 9. Bf4 Qb6 10. b3 Nxc3
11. Nxc3 Bg7 12. O-O-O Nd7 13. g4 Bxg4 14. fxg4 O-O 15. Qe3 Rfe8 16. Qd2 e5 17. Na4 Qxd4 18. Nc3 Qxf4 19. Ne2 Qxd2+ 20. Rxd2 Bh6
21. Nc3 Bxd2+ 22. Kxd2 b5 23. b4 a5 24. a3 axb4 25. axb4 Ra4 26. Nxa4 bxa4 27. Bd3 a3 28. Ra1 Ra8 29. Ke3 Nb6 30. b5 cxb5
31. Bxb5 Nc4+ 32. Kf3 Rb8 33. Bd7 Rb2 34. Rc1 a2 35. Ra1 Rxc2
0-1

[Event "Under The Counter"]
[Site "SchemingMind.com"]
[Date "2024.11.08"]
[Round "-"]
[White "agoodhobby"]
[Black "Henk Miedema"]
[Result "1-0"]
[WhiteCountry "USA"]
[BlackCountry "NED"]
[WhiteElo "1528"]
[WhiteRD "69"]
[BlackElo "735"]
[BlackRD "87"]
[GameID "748798"]

1. e4 d5 2. exd5 Qxd5 3. Nc3 Qe5+ 4. Be2 Nf6 5. Nf3 Qd6 6. d4 e6 7. O-O Ng4 8. g3 Be7 9. Bf4 Qd7 10. Ne5 Qd8
11. Bxg4 b6 12. Qf3 O-O 13. Qxa8 Ba6 14. Nc6 Bxf1 15. Nxd8 Nd7 16. Rxf1 Nf6 17. Bf3 Bxd8 18. Qxa7 Nd7 19. Bxc7 Be7 20. Bxb6 Nf6
21. Qxe7 Re8 22. Qc7 Kf8 23. Re1 h6 24. Ne4 Nd5 25. Bc5+ Kg8 26. Qd7 Rb8 27. Bh5 Rxb2 28. Qxf7+ Kh7 29. Bf8 Rxa2 30. Qxg7#
1-0

[Event "Under The Counter"]
[Site "SchemingMind.com"]
[Date "2024.11.08"]
[Round "-"]
[White "Henk Miedema"]
[Black "agoodhobby"]
[Result "0-1"]
[WhiteCountry "NED"]
[BlackCountry "USA"]
[WhiteElo "735"]
[WhiteRD "87"]
[BlackElo "1528"]
[BlackRD "69"]
[GameID "748799"]

1. e4 d5 2. d3 e6 3. Nc3 c5 4. d4 Nc6 5. Bb5 Qb6 6. exd5 exd5 7. Bd3 Nxd4 8. Nxd5 Qe6+ 9. Qe2 Qxe2+ 10. Nxe2 Nxe2
11. Bxe2 Bd6 12. Bb5+ Bd7 13. Bxd7+ Kxd7 14. Bd2 Re8+ 15. Be3 Ne7 16. Nc3 Nf5 17. O-O Nxe3 18. Rfc1 Be5 19. Ne2 Bxb2 20. Rd1+ Nxd1
21. Rxd1+ Kc7 22. g3 Rxe2 23. c4 Bd4 24. Kf1 Rxf2+ 25. Kg1 Rd2+ 26. Kf1 Rxd1+ 27. Kg2 h5 28. a4 h4 29. a5 hxg3 30. hxg3 Rd2+
31. Kf3 Re8 32. g4 g5 33. Kg3 Re3#
0-1

[Event "Under The Counter"]
[Site "SchemingMind.com"]
[Date "2024.11.08"]
[Round "-"]
[White "agoodhobby"]
[Black "Alencar"]
[Result "1/2-1/2"]
[WhiteCountry "USA"]
[BlackCountry "BRA"]
[WhiteElo "1499"]
[WhiteRD "64"]
[BlackElo "1322"]
[BlackRD "72"]
[GameID "748800"]

1. e4 d5 2. exd5 Nf6 3. d4 Nxd5 4. Nf3 Nf6 5. Nc3 Nc6 6. Bb5 a6 7. Ba4 b5 8. Bb3 Na5 9. Bxf7+ Kxf7 10. O-O Nc6
11. Ng5+ Ke8 12. Re1 Qxd4 13. Qxd4 Nxd4 14. Rb1 Nxc2 15. Rd1 Bf5 16. Bf4 c6 17. Rd2 h6 18. Nf3 Rd8 19. Rxd8+ Kxd8 20. Ne1 Nh5
21. Bd2 Nxe1 22. Rxe1 g5 23. Ne2 Nf4 24. Nxf4 gxf4 25. Bxf4 Bg7 26. b3 e5 27. Bg3 Kc7 28. Bxe5+ Bxe5 29. Rxe5 Rd8 30. h3 Bb1
31. a4 bxa4 32. bxa4 Rd1+ 33. Kh2 Rd5 34. Re6 h5 35. Rh6 Kb6 36. f3 Kc5 37. g4 hxg4 38. fxg4 Rd6 39. g5 Rxh6 40. gxh6 Kd6
41. Kg3 Ke6 42. Kf4 Kf6 43. Ke3 Ke5 44. Kd2 c5 45. Kc3 Kd5 46. h4 c4 47. h5 a5 48. Kb2 Bh7 49. Kc3 Kc5 50. Kb2 Kb4
51. Ka2 c3 52. Ka1 Kb3
1/2-1/2

[Event "Under The Counter"]
[Site "SchemingMind.com"]
[Date "2024.11.08"]
[Round "-"]
[White "Alencar"]
[Black "agoodhobby"]
[Result "1/2-1/2"]
[WhiteCountry "BRA"]
[BlackCountry "USA"]
[WhiteElo "1322"]
[WhiteRD "72"]
[BlackElo "1499"]
[BlackRD "64"]
[GameID "748801"]

1. e4 d5 2. exd5 Nf6 3. Nc3 Nxd5 4. Nxd5 Qxd5 5. Qf3 c6 6. Qxd5 cxd5 7. d4 Nc6 8. Nf3 e6 9. Ne5 Bd6 10. Bb5 O-O
11. O-O Nxe5 12. dxe5 Bxe5 13. c3 a6 14. Bd3 b5 15. g3 Bb7 16. Bf4 Bxf4 17. gxf4 Rac8 18. Rae1 b4 19. Rc1 a5 20. a4 h6
21. cxb4 axb4 22. Rxc8 Bxc8 23. Rc1 Bd7 24. Bb5 Bxb5 25. axb5 Rb8 26. Rc5 Kh7 27. Kf1 Kg6 28. Ke2 Kf5 29. Ke3 Kg4 30. Rc7 g5
31. fxg5 hxg5 32. Rxf7 Kh3 33. Rf3+ Kxh2 34. Rg3 Rxb5 35. Rxg5 b3 36. Rh5+ Kg1 37. f4 Rc5 38. Rg5+ Kf1 39. f5 e5 40. f6 d4+
41. Kd3 Rc6 42. Rf5+ Ke1 43. f7 Rc2 44. f8=Q Rd2+ 45. Ke4 Re2+ 46. Kd5 Rxb2 47. Rf1+ Kd2 48. Qf2+ Kc3 49. Qf3+ Kb4 50. Qf8+ Kc3
51. Qf3+ Kb4 52. Kxe5 Rc2 53. Qb7+ Ka3 54. Qe7+ Ka2 55. Kxd4 b2 56. Qb4 Rc1 57. Qa4+ Kb1 58. Rf2 Rc2 59. Rxc2
1/2-1/2